Focus (Record no. 81816)

MARC details
000 -LEADER
fixed length control field 01141cab a22002295a 4500
001 - CONTROL NUMBER
control field L148393
008 - FIXED-LENGTH DATA ELEMENTS--GENERAL INFORMATION
fixed length control field 090914e20090905xxkdo f 000 0 eng d
035 ## - SYSTEM CONTROL NUMBER
System control number (Sirsi) u148393
041 0# - LANGUAGE CODE
Language code of text/sound track or separate title eng
100 1# - MAIN ENTRY--PERSONAL NAME
Personal name Elghamry, Nadia
245 00 - TITLE STATEMENT
Title Focus
Remainder of title Cambs, Norfolk and Suffolk
260 ## - PUBLICATION, DISTRIBUTION, ETC.
-- 2009
490 #0 - SERIES STATEMENT
Series statement Estates Gazette
Volume/sequential designation (935) 5 September 2009, 77-85(7)
520 ## - SUMMARY, ETC.
Summary, etc. Launching on 23 October 2009, has Cambridgeshire's guided busway the potential to raise rents? Suffolk secondary rents are increasing as occupiers lower their aspirations but Norwich's office market is suffering from a surfeit of second-hand space. Charts cover office and retail rents and take-up in the region, industrial statistics for Cambridge, Ipswich and Norwich. Table ranks Cambridge agents. An updated East of England sentiment survey shows the consensus view shifting from the market being in the full grips of recession to reaching a floor.
590 ## - LOCAL NOTE (RLIN)
Local note KA
651 #4 - SUBJECT ADDED ENTRY--GEOGRAPHIC NAME
Geographic name Cambridgeshire
651 #4 - SUBJECT ADDED ENTRY--GEOGRAPHIC NAME
Geographic name Norfolk
651 #4 - SUBJECT ADDED ENTRY--GEOGRAPHIC NAME
Geographic name Suffolk
690 ## - LOCAL SUBJECT ADDED ENTRY--TOPICAL TERM (OCLC, RLIN)
Topical term or geographic name as entry element PROPERTY-COMMERCIAL PROPERTY-COMMERCIAL PROPERTY MARKET
700 1# - ADDED ENTRY--PERSONAL NAME
Personal name Meadwell, Stacey
942 ## - ADDED ENTRY ELEMENTS (KOHA)
Suppress in OPAC 0
Holdings
Withdrawn status Lost status Source of classification or shelving scheme Damaged status Not for loan Home library Current library Shelving location Date acquired Total Checkouts Full call number Barcode Date last seen Copy number Price effective from Koha item type
    Dewey Decimal Classification     London London Journal article 14/09/2009   L148393 148393-1001 06/08/2019 1 06/08/2019 Journal article